[Event "4NCL/Div2/PPA1 vs. 3CS1"]
[Site "West Bromwich ENG"]
[Date "2003.05.04"]
[Round "10.4"]
[White "Longson, Alexander"]
[Black "Moore, Gerald"]
[Result "1/2-1/2"]
[WhiteElo "2202"]
[BlackElo "2238"]
[PlyCount "45"]
[EventDate "2003.05.04"]

1. e4 d5 2. exd5 Qxd5 3. Nc3 Qa5 4. d4 c6 5. Bc4 Bf5 6. Bd2 e6 7. Nf3 Nf6 8.
Nd5 Qd8 9. Nxf6+ Qxf6 10. c3 Nd7 11. Qb3 Nb6 12. a4 Qe7 13. Be2 Qc7 14. a5 Nd7
15. O-O Be7 16. Qa4 O-O 17. c4 c5 18. b4 cxb4 19. Bxb4 Bxb4 20. Qxb4 Rfd8 21.
Rfd1 h6 22. Rac1 Rac8 23. h3 1/2-1/2

[Event "4NCL/Div2/PPA1 vs. 3CS1"]
[Site "West Bromwich ENG"]
[Date "2003.05.04"]
[Round "10.5"]
[White "Winfridsson, Ola"]
[Black "Ashton, Adam G"]
[Result "0-1"]
[WhiteElo "2038"]
[BlackElo "2197"]
[PlyCount "69"]
[EventDate "2003.05.04"]

1. d4 Nf6 2. c4 e6 3. Nc3 Bb4 4. Bg5 h6 5. Bh4 c5 6. d5 d6 7. e3 Bxc3+ 8. bxc3
Qe7 9. Qa4+ Nbd7 10. Qb3 e5 11. f3 e4 12. Bxf6 Nxf6 13. Kd2 Bf5 14. Ne2 O-O-O
15. Ng3 Bh7 16. f4 g5 17. fxg5 hxg5 18. Be2 Nd7 19. Bg4 Kb8 20. Rab1 Ne5 21.
Bf5 Bxf5 22. Nxf5 Qc7 23. a4 Qb6 24. Qb5 Qxb5 25. cxb5 Nc4+ 26. Ke2 Nb6 27. Ng3
Rde8 28. a5 Nxd5 29. Rbc1 Re5 30. c4 Ne7 31. Rcd1 Kc7 32. Rhf1 f5 33. h3 Rf8
34. Nh5 Ng6 35. Rd5 {time} 0-1

[Event "4NCL/Div2/PPA1 vs. 3CS1"]
[Site "West Bromwich ENG"]
[Date "2003.05.04"]
[Round "10.6"]
[White "James, Dale R"]
[Black "Byway, Paul"]
[Result "1/2-1/2"]
[WhiteElo "2214"]
[BlackElo "2188"]
[PlyCount "67"]
[EventDate "2003.05.04"]

1. e4 c5 2. Nf3 Nc6 3. d4 cxd4 4. Nxd4 Nf6 5. Nc3 e6 6. a3 a6 7. Be3 d6 8. Bd3
Bd7 9. O-O Qc7 10. f4 Be7 11. Nb3 Na5 12. Nxa5 Qxa5 13. b4 Qc7 14. Ne2 Bc6 15.
Ng3 h5 16. h4 Ng4 17. Bd4 Bf6 18. Bxf6 Qb6+ 19. Kh1 gxf6 20. Qe2 O-O-O 21. c4
f5 22. b5 Bxe4 23. Nxe4 fxe4 24. Bxe4 Qe3 25. Qxe3 Nxe3 26. Rfc1 a5 27. Rc3 Ng4
28. Kg1 b6 29. Re1 Kc7 30. g3 Kd7 31. Bb7 Rhg8 32. Kg2 Rg7 33. Rd1 Ke7 34. Rcd3
1/2-1/2

[Event "4NCL/Div2/PPA1 vs. 3CS1"]
[Site "West Bromwich ENG"]
[Date "2003.05.04"]
[Round "10.7"]
[White "Day, Tom W"]
[Black "Taylor, Robert M"]
[Result "1/2-1/2"]
[WhiteElo "2116"]
[BlackElo "2165"]
[PlyCount "82"]
[EventDate "2003.05.04"]

1. d4 Nf6 2. c4 e6 3. Nc3 Bb4 4. f3 c5 5. d5 Bxc3+ 6. bxc3 d6 7. e4 e5 8. Ne2
Qa5 9. Qb3 Qc7 10. Rb1 b6 11. Ng3 Nbd7 12. Bd3 h5 13. h4 Ng8 14. Qd1 Ndf6 15.
Bc2 Ne7 16. Bg5 Nfg8 17. Bxe7 Nxe7 18. Qd2 f6 19. Nf5 g6 20. Nxe7 Qxe7 21. g3
Bd7 22. Ke2 Kd8 23. a4 Kc7 24. a5 Rab8 25. a6 Rbf8 26. Kd3 f5 27. Rhf1 f4 28.
Qg2 Be8 29. Ke2 fxg3 30. Qxg3 Rf4 31. Rh1 Rhf8 32. Rbf1 Qf6 33. Ke3 Bd7 34.
Rhg1 Bg4 35. Bd1 g5 36. hxg5 Qxg5 37. Kd3 Qf6 38. Ke3 h4 39. Qg2 Bc8 40. Qg7+
Rf7 41. Qg8 Qd8 1/2-1/2

[Event "4NCL/Div2/PPA1 vs. 3CS1"]
[Site "West Bromwich ENG"]
[Date "2003.05.04"]
[Round "10.8"]
[White "Kosteniuk, Oxana"]
[Black "Aarons, Poppy J"]
[Result "0-1"]
[WhiteElo "2184"]
[BlackElo "1907"]
[PlyCount "104"]
[EventDate "2003.05.04"]

1. e4 e6 2. Nf3 d5 3. Nc3 Nf6 4. e5 Nfd7 5. d4 c5 6. dxc5 Bxc5 7. Bd3 Nc6 8.
Bf4 a6 9. O-O Ba7 10. Bg3 Nc5 11. Re1 Bd7 12. a3 Ne7 13. Rb1 Rc8 14. Qd2 Qc7
15. Qg5 Kf8 16. Bh4 Bc6 17. Qh5 Nxd3 18. cxd3 Nf5 19. Ne2 h6 20. Qg4 Qb6 21.
Qb4+ Qxb4 22. axb4 Ke8 23. Rbc1 Kd7 24. Red1 Bb5 25. Rc3 d4 26. Rxc8 Rxc8 27.
Rd2 Ke8 28. Bg3 Rd8 29. h3 Ne7 30. Nf4 Nc6 31. h4 Nxb4 32. Kh2 Rc8 33. Ne1 Rc1
34. Nf3 Rc2 35. Rxc2 Nxc2 36. Kg1 Nb4 37. Ne1 g5 38. hxg5 hxg5 39. Nh3 Nxd3 40.
Nxd3 Bxd3 41. Nxg5 Bg6 42. Bf4 d3 43. Nf3 Kd7 44. Kf1 Kc6 45. Ke1 Kd5 46. Bg3
b5 47. Kd2 Kc4 48. Ne1 Bd4 49. b3+ Kxb3 50. Nxd3 Bxd3 51. Kxd3 Bc3 52. f4 a5
0-1

[Event "4NCL/Div2/ATH1 vs. SWD2"]
[Site "West Bromwich ENG"]
[Date "2003.05.04"]
[Round "10.1"]
[White "Spreeuw, Jaap"]
[Black "Richmond, Peter A"]
[Result "1/2-1/2"]
[WhiteElo "2313"]
[BlackElo "2254"]
[PlyCount "45"]
[EventDate "2003.05.04"]

1. c4 e6 2. Nc3 d5 3. d4 c6 4. e4 dxe4 5. Nxe4 Bb4+ 6. Bd2 Qxd4 7. Bxb4 Qxe4+
8. Be2 Na6 9. Bc3 Qxg2 10. Bf3 Qg6 11. Qd6 e5 12. Qxe5+ Ne7 13. Ne2 Qf5 14.
Qxg7 Rg8 15. Qf6 Nc5 16. O-O-O Qxf6 17. Bxf6 Bg4 18. Nd4 Rg6 19. Bxe7 Kxe7 20.
Rhe1+ Kf6 21. Re3 Rd8 22. b3 Ne6 23. Nxe6 1/2-1/2

[Event "4NCL/Div2/ATH1 vs. SWD2"]
[Site "West Bromwich ENG"]
[Date "2003.05.04"]
[Round "10.2"]
[White "Morris, Charles F"]
[Black "van Voorthuijsen, Pieter W"]
[Result "1/2-1/2"]
[WhiteElo "2220"]
[BlackElo "2301"]
[PlyCount "66"]
[EventDate "2003.05.04"]

1. c4 e6 2. g3 d5 3. Bg2 Nf6 4. Nf3 Be7 5. O-O O-O 6. b3 c5 7. Bb2 Nc6 8. e3 b6
9. Nc3 Bb7 10. cxd5 exd5 11. d4 Ba6 12. Re1 Nb4 13. Ne5 cxd4 14. exd4 Rc8 15.
Rc1 Bb7 16. Bh3 Rc7 17. a3 Na6 18. Nb5 Rxc1 19. Qxc1 Bd6 20. Nc6 Qa8 21. Ne7+
Bxe7 22. Rxe7 Qb8 23. Qf1 Bc6 24. Nxa7 Bd7 25. Rxd7 Nxd7 26. Qxa6 Nf6 27. Nb5
Qe8 28. Bc3 Qe2 29. Bf1 Qc2 30. Bb4 Ne4 31. Be1 Qd1 32. Bb4 Qc2 33. Be1 Qd1
1/2-1/2

[Event "4NCL/Div2/ATH1 vs. SWD2"]
[Site "West Bromwich ENG"]
[Date "2003.05.04"]
[Round "10.3"]
[White "Wade, Robert G"]
[Black "Kett, Timothy"]
[Result "1/2-1/2"]
[WhiteElo "2213"]
[BlackElo "2197"]
[PlyCount "52"]
[EventDate "2003.05.04"]

1. d4 d5 2. Nc3 Nf6 3. Bg5 Nbd7 4. e3 g6 5. Nf3 Bg7 6. Ne5 c6 7. f4 Qb6 8. Rb1
Ne4 9. Nxe4 dxe4 10. Nc4 Qc7 11. c3 f6 12. Bh4 O-O 13. Nd2 e5 14. Bg3 exd4 15.
f5 Qa5 16. cxd4 Nb6 17. fxg6 hxg6 18. Qb3+ Nd5 19. Bc4 Rf7 20. Qa3 Qxa3 21.
bxa3 f5 22. Nb3 b6 23. h4 Be6 24. Bxd5 Bxd5 25. Bf4 Bf6 26. Kd2 Rc8 1/2-1/2

[Event "4NCL/Div2/ATH1 vs. SWD2"]
[Site "West Bromwich ENG"]
[Date "2003.05.04"]
[Round "10.4"]
[White "May, Frank"]
[Black "Quinn, John M"]
[Result "1-0"]
[WhiteElo "2161"]
[BlackElo "2196"]
[PlyCount "121"]
[EventDate "2003.05.04"]

1. Nf3 Nf6 2. c4 g6 3. Nc3 Bg7 4. e4 d6 5. d4 O-O 6. Be2 Nbd7 7. O-O e5 8. Be3
Ng4 9. Bg5 f6 10. Bc1 c6 11. d5 c5 12. Bd2 Nb6 13. Ne1 Nh6 14. a4 f5 15. f4
fxe4 16. Nxe4 Bf5 17. Ng3 Nd7 18. Nf3 e4 19. Ng5 Bd4+ 20. Kh1 Re8 21. Bc3 Qf6
22. Ra3 Nf8 23. a5 Re7 24. h3 Nf7 25. Nxf7 Rxf7 26. Kh2 Kh8 27. Rb3 Rc8 28. Bg4
Rcc7 29. Bxf5 Bxc3 30. Nxe4 Qe7 31. Rxc3 Rxf5 32. Qf3 Rd7 33. Re3 Qg7 34. Rf2
Qd4 35. Ng3 Rff7 36. Re4 Qg7 37. f5 gxf5 38. Nxf5 Qf6 39. g4 Ng6 40. Re8+ Rf8
41. Rxf8+ Qxf8 42. Ng3 Qxf3 43. Rxf3 Ne5 44. Rf4 Nd3 45. Rf6 Nxb2 46. Nf5 Kg8
47. Nxd6 b6 48. a6 Nd3 49. Kg3 Nb4 50. Kf4 Nxa6 51. Ke5 Nc7 52. Nf5 b5 53. Rd6
Rxd6 54. Kxd6 Ne8+ 55. Ke7 b4 56. Kxe8 b3 57. d6 b2 58. d7 b1=Q 59. d8=Q Qe4+
60. Kd7+ Kf7 61. Nd6+ 1-0

[Event "4NCL/Div2/ATH1 vs. SWD2"]
[Site "West Bromwich ENG"]
[Date "2003.05.04"]
[Round "10.5"]
[White "Milligan, Helen"]
[Black "Spice, Alan"]
[Result "0-1"]
[WhiteElo "2111"]
[BlackElo "2163"]
[PlyCount "104"]
[EventDate "2003.05.04"]

1. e4 e6 2. d4 d5 3. Nc3 Nf6 4. Bg5 Bb4 5. e5 h6 6. Bd2 Bxc3 7. bxc3 Ne4 8. Qg4
g6 9. h4 c5 10. Bd3 Nxd2 11. Kxd2 Qa5 12. Nf3 Nc6 13. Rhe1 b6 14. a4 Ba6 15.
Qf4 Rc8 16. Reb1 cxd4 17. Nxd4 Nxd4 18. Qxd4 Rc5 19. Qb4 O-O 20. Qxa5 Rxa5 21.
Bb5 Rc8 22. Kd3 Rc5 23. Bxa6 Rxa6 24. f4 h5 25. g3 Kf8 26. Rb4 Ke8 27. c4 Raa5
28. Rab1 dxc4+ 29. Rxc4 Rxc4 30. Kxc4 Rxa4+ 31. Kb5 Ra2 32. c4 Kd7 33. Rd1+ Kc7
34. Kb4 Ra5 35. Rd3 Rc5 36. Rd4 Kc8 37. Rd6 Kc7 38. Rd4 Ra5 39. Rd1 Ra2 40. Rd3
Rc2 41. Kb3 Rc1 42. Kb4 a5+ 43. Kb3 Rb1+ 44. Kc2 Rb4 45. Kc3 Ra4 46. Kb3 Ra1
47. Kb2 Rg1 48. Kb3 Kc6 49. Kc2 Rg2+ 50. Kb3 Kc5 51. Rc3 Rd2 52. Rf3 Kd4 0-1

[Event "4NCL/Div2/ATH1 vs. SWD2"]
[Site "West Bromwich ENG"]
[Date "2003.05.04"]
[Round "10.6"]
[White "Brown, Alan M"]
[Black "Stevenson, James AB"]
[Result "1/2-1/2"]
[WhiteElo "2133"]
[BlackElo "2124"]
[PlyCount "136"]
[EventDate "2003.05.04"]

1. d4 Nf6 2. c4 c5 3. Nf3 e6 4. Nc3 cxd4 5. Nxd4 Bb4 6. Bd2 Nc6 7. e3 O-O 8.
Be2 d5 9. Nxc6 bxc6 10. O-O Be7 11. Qc2 a5 12. Rfd1 Ba6 13. Be1 Qc7 14. Na4
Rfc8 15. Rac1 Bd6 16. h3 Rab8 17. c5 Bh2+ 18. Kh1 Bxe2 19. Qxe2 Ne4 20. Nb6 Re8
21. Bxa5 Bg3 22. Be1 Nxc5 23. Nxd5 cxd5 24. b4 Bd6 25. bxc5 Bxc5 26. Bc3 Qa7
27. Be5 Rb7 28. a4 Ba3 29. Ra1 Bf8 30. a5 Rc8 31. Bd4 Bc5 32. Rdc1 Rbc7 33. Be5
Rc6 34. Qb5 h6 35. Bd4 Bxd4 36. Rxc6 Rxc6 37. exd4 Qxd4 38. Rf1 Qc4 39. Qb8+
Rc8 40. Qb1 Rc5 41. Qb8+ Rc8 42. Qb1 Ra8 43. Rc1 Qa4 44. Rc5 g6 45. Qb2 d4 46.
Qd2 Kg7 47. Qd3 Rxa5 48. Rxa5 Qxa5 49. Qxd4+ e5 50. Qb2 Qe1+ 51. Kh2 Qe4 52.
Kg1 h5 53. Qd2 Qd4 54. Qc1 h4 55. Qb1 Qc3 56. Qd1 Kh6 57. Qe2 f5 58. Kh2 Qd4
59. Qe1 Qf4+ 60. Kg1 g5 61. Qd1 Qd4 62. Qb3 Qd7 63. Qg8 Qe7 64. Qh8+ Kg6 65.
Qg8+ Kf6 66. Qh8+ Ke6 67. Qg8+ Kd7 68. Qd5+ Ke8 1/2-1/2

[Event "4NCL/Div2/ATH1 vs. SWD2"]
[Site "West Bromwich ENG"]
[Date "2003.05.04"]
[Round "10.7"]
[White "Gruettner, Ralf"]
[Black "Adams, Mark A"]
[Result "1-0"]
[WhiteElo "2053"]
[BlackElo "2106"]
[PlyCount "155"]
[EventDate "2003.05.04"]

1. d4 d5 2. c4 c6 3. cxd5 cxd5 4. Nc3 Nf6 5. Nf3 e6 6. Bf4 Bd6 7. Bxd6 Qxd6 8.
e3 a6 9. Bd3 Nbd7 10. O-O O-O 11. Rc1 Re8 12. Re1 g6 13. e4 dxe4 14. Bxe4 Rb8
15. Ne5 Kg7 16. Bf3 b5 17. h3 Rf8 18. Ne4 Nxe4 19. Bxe4 Nxe5 20. dxe5 Qxd1 21.
Rexd1 Bb7 22. Bxb7 Rxb7 23. Rd6 a5 24. Kf1 Ra8 25. Ke2 Kf8 26. Ke3 Ke7 27. Rcc6
Raa7 28. Kd4 b4 29. f4 a4 30. g4 h6 31. Ra6 a3 32. bxa3 bxa3 33. Rdb6 Rd7+ 34.
Ke3 g5 35. f5 Rxa6 36. Rxa6 Rd1 37. Ra7+ Ke8 38. Rxa3 exf5 39. gxf5 Re1+ 40.
Kd4 h5 41. Rg3 Rh1 42. Ke4 Ke7 43. Rb3 Re1+ 44. Re3 Rh1 45. Kd5 Rd1+ 46. Ke4
Rh1 47. a3 Rd1 48. Rd3 Re1+ 49. Re3 Rd1 50. h4 gxh4 51. Rb3 Rd7 52. f6+ Kd8 53.
Kf5 Rd5 54. Rh3 Rd4 55. Re3 Kd7 56. Rb3 Kc6 57. Re3 Kd7 58. Rc3 Rd5 59. a4 Ra5
60. Rd3+ Ke8 61. Rd4 h3 62. Rh4 h2 63. Rxh5 Rxa4 64. Rxh2 Ra1 65. Rh8+ Kd7 66.
Rf8 Rf1+ 67. Kg5 Ke6 68. Re8+ Kd5 69. Re7 Rf2 70. Rxf7 Kxe5 71. Re7+ Kd6 72.
Kg6 Rg2+ 73. Kf7 Rf2 74. Re1 Rf3 75. Kg7 Rg3+ 76. Kf8 Rf3 77. f7 Kd7 78. Rg1
1-0

[Event "4NCL/Div2/ATH1 vs. SWD2"]
[Site "West Bromwich ENG"]
[Date "2003.05.04"]
[Round "10.8"]
[White "Evans-Quek, Debbie"]
[Black "Wismayer, Clive R"]
[Result "0-1"]
[WhiteElo "2020"]
[BlackElo "2124"]
[PlyCount "58"]
[EventDate "2003.05.04"]

1. e4 e6 2. d3 d5 3. Qe2 Be7 4. Nf3 Nf6 5. g3 O-O 6. e5 Nfd7 7. Bh3 c5 8. c3
Nc6 9. O-O b5 10. d4 b4 11. a3 Qa5 12. Re1 Ba6 13. Qd1 bxc3 14. bxc3 Nb6 15.
dxc5 Na4 16. Nd4 Nd8 17. c6 Nc5 18. Bf1 Rc8 19. Nb3 Nxb3 20. Qxb3 Nxc6 21. Bd2
Bxf1 22. Kxf1 Qa6+ 23. Kg2 Rb8 24. Qc2 Rb7 25. Bc1 Rc8 26. Qa2 Na5 27. a4 Nb3
28. Be3 Nxa1 29. Qxa1 Bc5 0-1

[Event "4NCL/Div2/NWE1 vs. BAR3"]
[Site "West Bromwich ENG"]
[Date "2003.05.04"]
[Round "10.1"]
[White "Shaw, John K"]
[Black "Mack, Andrew"]
[Result "1-0"]
[WhiteElo "2464"]
[BlackElo "2272"]
[PlyCount "59"]
[EventDate "2003.05.04"]

1. e4 e6 2. d4 d5 3. Nd2 Nf6 4. e5 Nfd7 5. c3 c5 6. Bd3 Nc6 7. Ne2 cxd4 8. cxd4
f6 9. exf6 Nxf6 10. O-O Bd6 11. Nf3 Qc7 12. Bg5 O-O 13. Bh4 Nh5 14. Qc2 h6 15.
Bh7+ Kh8 16. Bg6 Rxf3 17. Bxh5 Rf8 18. Bg3 e5 19. dxe5 Bxe5 20. Rad1 Bf5 21.
Qc5 Be6 22. Rfe1 Bxg3 23. hxg3 b6 24. Qc3 Qd6 25. Nf4 Rf6 26. Bf3 Rd8 27. Rxe6
Rxe6 28. Rxd5 Qe7 29. Nxe6 Qxe6 30. Qxc6 1-0

[Event "4NCL/Div2/NWE1 vs. BAR3"]
[Site "West Bromwich ENG"]
[Date "2003.05.04"]
[Round "10.2"]
[White "Coleman, David"]
[Black "Hanley, Craig A"]
[Result "1-0"]
[WhiteElo "2239"]
[BlackElo "2375"]
[PlyCount "83"]
[EventDate "2003.05.04"]

1. e4 e6 2. d4 d5 3. Nc3 Nf6 4. Bg5 Be7 5. e5 Nfd7 6. Bxe7 Qxe7 7. f4 O-O 8.
Nf3 c5 9. dxc5 Nc6 10. Bd3 f6 11. exf6 Qxf6 12. g3 Nxc5 13. O-O Bd7 14. Qd2 Be8
15. Rae1 Nxd3 16. cxd3 Bg6 17. Ne5 Bf5 18. Nd1 Rac8 19. Rf2 Nxe5 20. Rxe5 Qg6
21. Ne3 Bh3 22. f5 Qg5 23. d4 Qd8 24. Rxe6 Qc7 25. Nxd5 Qc1+ 26. Re1 Qxd2 27.
Rxd2 Rcd8 28. Ne3 Rde8 29. Rdd1 Re4 30. d5 Rfe8 31. Kf2 Rd8 32. Kf3 Rb4 33. b3
h5 34. Kf2 Rb5 35. Rd4 Rc5 36. Re2 Rc1 37. Rh4 Bg4 38. Nxg4 hxg4 39. Rd2 Rc5
40. Rxg4 Rcxd5 41. Rxd5 Rxd5 42. f6 1-0

[Event "4NCL/Div2/NWE1 vs. BAR3"]
[Site "West Bromwich ENG"]
[Date "2003.05.04"]
[Round "10.3"]
[White "Crouch, Colin S"]
[Black "Ozeren, Kemal"]
[Result "1-0"]
[WhiteElo "2380"]
[BlackElo "2160"]
[PlyCount "67"]
[EventDate "2003.05.04"]

1. d4 c6 2. Nf3 d5 3. Bf4 Nf6 4. e3 Bf5 5. c4 Bxb1 6. Rxb1 e5 7. dxe5 Bb4+ 8.
Ke2 Ne4 9. a3 Be7 10. cxd5 cxd5 11. Nd2 Nc5 12. Nb3 Nc6 13. Nxc5 Bxc5 14. g4
Qd7 15. Bg2 Rd8 16. h3 d4 17. Qd3 O-O 18. Rhd1 Rfe8 19. Qb5 Bb6 20. Rbc1 Nxe5
21. Qxd7 Nxd7 22. Bc7 Rc8 23. Bxb6 Rxc1 24. Rxc1 axb6 25. Rc7 Nc5 26. Bxb7 g5
27. Rc8 Kf8 28. Rxe8+ Kxe8 29. Bc6+ Ke7 30. exd4 Ne6 31. Ke3 Nf4 32. h4 h6 33.
hxg5 hxg5 34. a4 1-0

[Event "4NCL/Div2/NWE1 vs. BAR3"]
[Site "West Bromwich ENG"]
[Date "2003.05.04"]
[Round "10.4"]
[White "Williamson, Paul L"]
[Black "Quillan, Gary"]
[Result "0-1"]
[WhiteElo "2149"]
[BlackElo "2305"]
[PlyCount "66"]
[EventDate "2003.05.04"]

1. d4 e6 2. c4 Nf6 3. Nc3 c5 4. d5 exd5 5. cxd5 d6 6. e4 g6 7. f4 Bg7 8. Bb5+
Bd7 9. Bxd7+ Nbxd7 10. Nf3 O-O 11. O-O Re8 12. Re1 b5 13. e5 dxe5 14. fxe5 Ng4
15. e6 fxe6 16. dxe6 Nde5 17. Nxe5 Qxd1 18. Rxd1 Bxe5 19. h3 b4 20. Nd5 Nf6 21.
Be3 Bxb2 22. Rab1 Nxd5 23. Rxd5 Rxe6 24. Bxc5 Bc3 25. Rd7 a5 26. Rbd1 Re2 27.
a3 b3 28. R7d3 Rc2 29. Be3 b2 30. Bf4 Re8 31. g4 Re1+ 32. Rxe1 Bxe1 33. Rd1 Bd2
0-1

[Event "4NCL/Div2/NWE1 vs. BAR3"]
[Site "West Bromwich ENG"]
[Date "2003.05.04"]
[Round "10.5"]
[White "Charleshouse, Glenn L"]
[Black "Flower, David"]
[Result "1-0"]
[WhiteElo "2238"]
[BlackElo "2128"]
[PlyCount "123"]
[EventDate "2003.05.04"]

1. e4 d6 2. d4 Nf6 3. Nc3 e5 4. Nf3 Nbd7 5. Bc4 Be7 6. O-O O-O 7. Bg5 c6 8. a4
a5 9. Qd2 Ng4 10. Bxe7 Qxe7 11. Rad1 h6 12. Rfe1 Kh7 13. h3 Ngf6 14. Bf1 Re8
15. Qe3 Nf8 16. g3 g5 17. Bg2 Ng6 18. Nd2 Bd7 19. Nc4 b5 20. axb5 cxb5 21. Nb6
Rab8 22. Nbd5 Nxd5 23. Nxd5 Qd8 24. dxe5 dxe5 25. Qa7 Be6 26. Nc7 Qe7 27. Qxa5
Rec8 28. Nxe6 Qxe6 29. Rd2 Kg7 30. Bf1 b4 31. Red1 Qb6 32. Qd5 Rc5 33. Qb3 Rbc8
34. Rd6 Qb8 35. Rd7 Nh8 36. R1d6 R5c6 37. Rd2 Qb6 38. R7d5 Ng6 39. Rb5 Qc7 40.
Bd3 Qa7 41. Rxb4 Qa1+ 42. Bf1 Qc1 43. Rd7 Rf6 44. Rbb7 Nh8 45. c3 Qe1 46. Qc2
Ra8 47. Qe2 Ra1 48. Qxe1 Rxe1 49. Kg2 h5 50. Rd2 Ng6 51. Be2 h4 52. b4 Re6 53.
c4 Ra6 54. c5 Raa1 55. Bc4 g4 56. Rxf7+ Kh6 57. hxg4 Rg1+ 58. Kf3 h3 59. Rdd7
Ra3+ 60. Ke2 Raa1 61. Rh7+ Kg5 62. Rxh3 1-0

[Event "4NCL/Div2/NWE1 vs. BAR3"]
[Site "West Bromwich ENG"]
[Date "2003.05.04"]
[Round "10.6"]
[White "Moore, John C"]
[Black "Carleton, John J"]
[Result "0-1"]
[WhiteElo "2093"]
[BlackElo "2266"]
[PlyCount "70"]
[EventDate "2003.05.04"]

1. e4 Nf6 2. e5 Nd5 3. d4 d6 4. Nf3 Bg4 5. Be2 e6 6. O-O Be7 7. c4 Nb6 8. Nc3
O-O 9. Be3 Nc6 10. exd6 cxd6 11. b3 d5 12. c5 Bxf3 13. Bxf3 Nc8 14. Rb1 Bf6 15.
b4 N8e7 16. b5 Na5 17. Be2 Nf5 18. Rb4 a6 19. a4 Qe7 20. Bd3 Nxe3 21. fxe3 g6
22. Qf3 Bg7 23. Rfb1 axb5 24. axb5 Rfd8 25. Bf1 Qg5 26. Ne2 Nc4 27. Qf4 Bh6 28.
h4 Qh5 29. Qf6 Bxe3+ 30. Kh2 g5 31. g3 Nd2 32. Re1 Nf3+ 33. Kh3 g4+ 34. Kg2
Nxe1+ 35. Kh1 Qf5 0-1

[Event "4NCL/Div2/NWE1 vs. BAR3"]
[Site "West Bromwich ENG"]
[Date "2003.05.04"]
[Round "10.7"]
[White "Littlewood, John E"]
[Black "Bhatia, Kanwal K"]
[Result "1-0"]
[WhiteElo "2237"]
[BlackElo "2047"]
[PlyCount "65"]
[EventDate "2003.05.04"]

1. e4 e5 2. Nf3 Nc6 3. Bb5 a6 4. Ba4 Nf6 5. Qe2 b5 6. Bb3 Be7 7. a4 Rb8 8. axb5
axb5 9. d4 d5 10. Nbd2 Bg4 11. dxe5 Bxf3 12. Nxf3 Nxe4 13. Qd1 Bb4+ 14. c3 Nxc3
15. bxc3 Bxc3+ 16. Bd2 Bxa1 17. Qxa1 O-O 18. O-O Ne7 19. Bb4 Re8 20. Rc1 Qd7
21. e6 fxe6 22. Ne5 Qd8 23. Qc3 Rc8 24. Bc2 Nf5 25. Bxf5 exf5 26. f4 Qf6 27.
Bc5 Ra8 28. Bd4 Ra4 29. Qc5 Qe6 30. h3 Rea8 31. Nf3 Ra2 32. Qxc7 Qe2 33. Qxg7#
1-0

[Event "4NCL/Div2/WWKS vs. GUI2"]
[Site "West Bromwich ENG"]
[Date "2003.05.04"]
[Round "10.1"]
[White "Lawton, Geoff W"]
[Black "Plaskett, James"]
[Result "0-1"]
[WhiteElo "2402"]
[BlackElo "2471"]
[PlyCount "122"]
[EventDate "2003.05.04"]

1. d4 e6 2. c4 b6 3. a3 Bb7 4. Nc3 Nf6 5. Nf3 Ne4 6. Nxe4 Bxe4 7. Nd2 Bb7 8.
Nf3 c5 9. d5 exd5 10. cxd5 Qe7 11. e3 Qe4 12. Bd3 Qxd5 13. Qe2 Be7 14. e4 Qe6
15. O-O d5 16. Re1 dxe4 17. Bxe4 Bxe4 18. Qxe4 Qxe4 19. Rxe4 Nc6 20. b4 O-O 21.
Bd2 Bf6 22. Rae1 cxb4 23. axb4 Rfd8 24. g4 h6 25. h4 Nd4 26. Nxd4 Rxd4 27. g5
Rxd2 28. gxf6 gxf6 29. R1e3 Rad8 30. Kg2 Kf8 31. Re7 R2d7 32. R7e4 Rd4 33. Re7
R4d7 34. R7e4 f5 35. Re5 f4 36. Re1 Rd4 37. b5 R4d5 38. Re7 Ra8 39. Rb7 Rxb5
40. Ree7 Rf5 41. Kf3 a5 42. Re1 a4 43. Rxb6 Kg7 44. Rg1+ Kh7 45. Ra1 a3 46. Ra2
Ra4 47. Rb3 Rfa5 48. Rb6 Kg7 49. Rc6 f6 50. Rc3 Kg6 51. Kg4 f3+ 52. Kg3 Kh5 53.
Rxf3 f5 54. Rb3 Rg4+ 55. Kh3 Rxh4+ 56. Kg2 Rha4 57. Kf3 Kg5 58. Rd3 h5 59. Rc3
h4 60. Rb3 Kf6 61. Re3 h3 0-1

[Event "4NCL/Div2/WWKS vs. GUI2"]
[Site "West Bromwich ENG"]
[Date "2003.05.04"]
[Round "10.2"]
[White "Baker, Christopher W"]
[Black "Hynes, Anthony"]
[Result "0-1"]
[WhiteElo "2359"]
[BlackElo "2221"]
[PlyCount "112"]
[EventDate "2003.05.04"]

1. d4 d5 2. c4 e6 3. Nc3 c5 4. e3 Nf6 5. Nf3 Nc6 6. a3 Be7 7. Be2 O-O 8. O-O
Re8 9. Qc2 cxd4 10. exd4 dxc4 11. Rd1 Na5 12. Ne5 Nb3 13. Rb1 Nxd4 14. Qd2
Nxe2+ 15. Qxe2 Nd5 16. Qh5 g6 17. Qf3 Bf6 18. Bf4 Re7 19. Ng4 Rd7 20. Nxd5 exd5
21. Bc7 Rxc7 22. Rxd5 Qe7 23. Nxf6+ Kg7 24. Ne4 Bf5 25. Rxf5 gxf5 26. Ng3 Qe5
27. Nxf5+ Kh8 28. Rd1 Re8 29. h4 Rc6 30. Rd5 Qxb2 31. Nd4 c3 32. Qxf7 Qb1+ 33.
Kh2 Qg6 34. Qf4 Rf6 35. Qc7 Rxf2 36. Rg5 Qf7 37. Qxc3 Qf4+ 38. Rg3 Qxh4+ 39.
Kg1 Qf6 40. Kh2 Rf4 41. Nb5 Qxc3 42. Rxc3 a6 43. Nd6 Re7 44. g3 Rf8 45. Rc5 Rd7
46. Nf5 b5 47. Kh3 Rd3 48. Kh4 Rxa3 49. g4 b4 50. Rc7 a5 51. Rb7 Rc3 52. Nd4
Rc4 53. Rd7 a4 54. Kh5 b3 55. g5 Rxd4 56. Rxd4 b2 0-1

[Event "4NCL/Div2/WWKS vs. GUI2"]
[Site "West Bromwich ENG"]
[Date "2003.05.04"]
[Round "10.3"]
[White "Mason, Don"]
[Black "Povah, Nigel E"]
[Result "0-1"]
[WhiteElo "2256"]
[BlackElo "2360"]
[PlyCount "82"]
[EventDate "2003.05.04"]

1. e4 d5 2. exd5 Nf6 3. Bb5+ Bd7 4. Be2 Nxd5 5. d4 Bf5 6. a3 e6 7. c4 Nb6 8.
Nf3 Be7 9. Nc3 Bf6 10. Be3 Nc6 11. c5 Nd5 12. Qb3 O-O 13. Nxd5 Qxd5 14. Qxd5
exd5 15. Kd2 Be4 16. Bb5 Bxf3 17. Bxc6 Bxg2 18. Rhg1 bxc6 19. Rxg2 Rfb8 20. Kc2
a5 21. b3 Rb5 22. Rd1 a4 23. b4 Re8 24. Bf4 Re7 25. f3 Rb8 26. Rdd2 Kf8 27.
Rde2 Rxe2+ 28. Rxe2 Re8 29. Rxe8+ Kxe8 30. Kc3 Kd7 31. h3 Bd8 32. Bc1 g5 33. f4
Ke6 34. fxg5 Kf5 35. h4 Kg4 36. b5 cxb5 37. c6 Be7 38. h5 Bxg5 39. Bxg5 Kxg5
40. Kb4 f5 41. Kxb5 f4 0-1

[Event "4NCL/Div2/WWKS vs. GUI2"]
[Site "West Bromwich ENG"]
[Date "2003.05.04"]
[Round "10.4"]
[White "Thompson, Ian D"]
[Black "Thomas, Nicholas"]
[Result "1-0"]
[WhiteElo "2290"]
[BlackElo "2256"]
[PlyCount "31"]
[EventDate "2003.05.04"]

1. c4 e5 2. g3 Nc6 3. Bg2 f5 4. Nc3 Nf6 5. Nf3 Bb4 6. O-O Bxc3 7. dxc3 d6 8. b3
O-O 9. a4 a5 10. Ba3 Qe7 11. Ne1 e4 12. Nc2 Ne5 13. Ne3 b6 14. Nd5 Nxd5 15.
Qxd5+ Be6 16. Qxe5 1-0

[Event "4NCL/Div2/WWKS vs. GUI2"]
[Site "West Bromwich ENG"]
[Date "2003.05.04"]
[Round "10.5"]
[White "Pitcher, John"]
[Black "Granat, Russell G"]
[Result "1/2-1/2"]
[WhiteElo "2130"]
[BlackElo "2245"]
[PlyCount "45"]
[EventDate "2003.05.04"]

1. e4 Nc6 2. Nc3 Nf6 3. d4 d5 4. e5 Nd7 5. Nxd5 Ndb8 6. Ne3 Qxd4 7. Qxd4 Nxd4
8. c3 Ne6 9. Nf3 Nc6 10. Bc4 g6 11. Bd5 Bd7 12. O-O Bg7 13. Nc4 Ncd8 14. Re1 c6
15. Be4 Nc5 16. Bc2 Be6 17. Ncd2 Nd7 18. h3 O-O 19. Nb3 Bd5 20. Be4 Bxe4 21.
Rxe4 Ne6 22. Be3 b6 23. Kf1 1/2-1/2

[Event "4NCL/Div2/WWKS vs. GUI2"]
[Site "West Bromwich ENG"]
[Date "2003.05.04"]
[Round "10.6"]
[White "Jackson, Adrian"]
[Black "Shephard, Chris CW"]
[Result "1/2-1/2"]
[WhiteElo "2232"]
[BlackElo "2200"]
[PlyCount "149"]
[EventDate "2003.05.04"]

1. e4 g6 2. d4 c6 3. Nc3 d5 4. e5 Bg7 5. f4 h5 6. Nf3 Bg4 7. h3 Bxf3 8. Qxf3 e6
9. Be3 h4 10. O-O-O Nd7 11. Bd3 Nh6 12. g4 hxg3 13. Qxg3 Qe7 14. h4 O-O-O 15.
Qf3 Nf5 16. Bxf5 gxf5 17. h5 Bh6 18. Rdg1 Qb4 19. a3 Qa5 20. Ne2 Kb8 21. Bd2
Qc7 22. Be1 c5 23. Kb1 Rc8 24. Bh4 cxd4 25. Nxd4 Qc4 26. c3 Nc5 27. Bg5 Ne4 28.
Rg2 Bf8 29. Rc2 Qc7 30. Bh4 Qb6 31. Ka2 Bh6 32. Be1 a6 33. Rhh2 Qc7 34. Ka1 Qc4
35. Rhe2 Rhg8 36. Rg2 Rh8 37. Rge2 Ka8 38. Kb1 Rhg8 39. Rg2 Rh8 40. Rge2 Qc7
41. Rg2 Qd8 42. Rg1 Rc4 43. Rcg2 Rc8 44. Ka2 Qc7 45. Ka1 Qc4 46. Ne2 Qa4 47.
Nd4 Kb8 48. Ka2 Qc4+ 49. Ka1 Qc7 50. Ka2 Qe7 51. Ne2 Qc5 52. Nd4 Kc7 53. Bd2
Kd7 54. Bc1 Qc4+ 55. Ka1 Kc7 56. Qe2 b5 57. Qxc4+ bxc4 58. Nf3 Kd7 59. Be3 Rb8
60. Ka2 Ke7 61. Nd4 Kd7 62. Nf3 Ke7 63. Nd4 Rhc8 64. Nf3 Rh8 65. Nd4 Rbc8 66.
Nf3 Nc5 67. Ne1 Kd7 68. Kb1 Ke7 69. Ka2 Nd7 70. Nf3 Nc5 71. Ne1 Ne4 72. Nf3 Rh7
73. Rg8 Rh8 74. R8g2 Rh7 75. Rg8 1/2-1/2